Philosophy and religion (Record no. 130395)
[ view plain ]
| 000 -LEADER | |
|---|---|
| fixed length control field | 00530nam a22001577a 4500 |
| 008 - FIXED-LENGTH DATA ELEMENTS--GENERAL INFORMATION | |
| fixed length control field | 200312b ||||| |||| 00| 0 eng d |
| 050 ## - LIBRARY OF CONGRESS CALL NUMBER | |
| Classification number | B4495.H32 |
| Item number | E57 1964 |
| 100 ## - MAIN ENTRY--PERSONAL NAME | |
| Personal name | Hagerstrom, Axel |
| 9 (RLIN) | 49604 |
| 245 ## - TITLE STATEMENT | |
| Title | Philosophy and religion |
| Statement of responsibility, etc | Axel hagerstrom translated by Robert T. Sandin |
| 260 ## - PUBLICATION, DISTRIBUTION, ETC. (IMPRINT) | |
| Place of publication, distribution, etc | London |
| Name of publisher, distributor, etc | George Allen and Unwin Ltd. |
| Date of publication, distribution, etc | 1964 |
| 300 ## - PHYSICAL DESCRIPTION | |
| Extent | 316p. ; |
| Dimensions | 22cm. |
| 440 ## - SERIES STATEMENT/ADDED ENTRY--TITLE | |
| Title | Muirhead library of philosophy |
| 9 (RLIN) | 11141 |
| 650 ## - SUBJECT ADDED ENTRY--TOPICAL TERM | |
| Topical term or geographic name as entry element | Philosophy |
| 9 (RLIN) | 49607 |
| 700 ## - ADDED ENTRY--PERSONAL NAME | |
| Personal name | Sandin, Robert T. (tr.) |
| 9 (RLIN) | 49608 |
| 942 ## - ADDED ENTRY ELEMENTS (KOHA) | |
| Source of classification or shelving scheme | Library of Congress Classification |
| Item type | Monograph ( Printed materials) |
| Withdrawn status | Lost status | Source of classification or shelving scheme | Damaged status | Not for loan | Collection code | Home library | Current library | Shelving location | Date acquired | Total Checkouts | Full call number | Barcode | Date last seen | Price effective from | Koha item type |
|---|---|---|---|---|---|---|---|---|---|---|---|---|---|---|---|
| Library of Congress Classification | Main Collection | ARRUPE LIBRARY | ARRUPE LIBRARY | Main Collection | 12/03/2020 | B4495.H32 E57 1964 | 46600006702 | 12/03/2020 | 12/03/2020 | Monograph ( Printed materials) |